000 00716nam a22002417a 4500
003 OSt
005 20220107122848.0
008 190328b xxu||||| |||| 00| 0 eng d
020 _a9789814452533
040 _cIIITMK
082 _a346.0486 MA/F
100 _aMa, Matthew Y
_915347
245 _aFundamentals of patenting and licensing for scientists and engineers
_cMatthew Y Ma
250 _a2
260 _aSingapore,
_bWorld Scientific,
_c2015.
300 _axxv, 336p.
650 _aINTELLECTUAL PROPERTY RIGHTS
_915638
650 _aPATENT LICENSING
_915639
650 _aPATENT PRACTICE
_915640
650 _aINVENTIONS AND PATENTS
_915641
650 _aSCIENCE AND ENGINEERING
_915642
942 _2ddc
_cBK
999 _c6396
_d6396